Statistics for Monarchs of the United Kingdom - Name and number

Click here to take the quiz!

General Stats

  • This quiz has been taken 134 times
  • The average score is 34 of 41

Answer Stats

Years Monarch % Correct
1952-Elizabeth II
99%
1936-52George VI
94%
1837-1901Victoria
93%
1558-1603Elizabeth I
91%
1485-1509Henry VII
91%
1509-47Henry VIII
91%
1066-1087William I (the Conqueror)
89%
1910-36George V
89%
1936Edward VIII
88%
1760-1820George III
87%
1553-58Mary I
87%
1087-1100William II Rufus
86%
1625-49Charles I
85%
1660-85Charles II
85%
1820-30George IV
84%
1901-10Edward VII
84%
1547-53Edward VI
84%
1603-25James I
84%
1727-60George II
84%
1714-27George I
84%
1100-1135Henry I
83%
1483-85Richard III
83%
1422-1461Henry VI
83%
1685-88James II
82%
1154-89Henry II
82%
1413-1422Henry V
82%
1399-1413Henry IV
82%
1216-72Henry III
81%
1189-1199Richard the Lionheart
80%
1199-1216John
80%
1483Edward V
80%
1702-14Anne
80%
1461-83Edward IV
78%
1689-1702William III
78%
1377-1399Richard II
78%
1272-1307Edward I
75%
1307-1327Edward II
74%
1327-1377Edward III
74%
1689-1694Mary II
73%
1830-37William IV
72%
1135-54Stephen
72%

Score Distribution

Percentile by Number Answered

Percent of People with Each Score

Your Score History

You have not taken this quiz